000 00339pam a2200133 a 4500
020 _c
041 _h
082 _a750.92
_bVAJ
100 _aAshok Vajpey.
245 _aMy Dear Letters between sayed Haider Raza & Kishor Khanna
_hTextual Documents
260 _a[s.l]:
_bVadhera Art Gallery
300 _a215:
_bpaper.
930 _a7086
999 _c240876
_d240876